Νέα παιδικά ποιήματα και τραγούδια : θρησκευτικά - πατριωτικά - κοινωνικά - διαφορά

Saved in:
Bibliographic Details
Main Author: Δερβίσης, Αθανάσιος Μ.
Format: Book
Language:Greek
Published: Πτολεμαϊς : [χ.ό], 1965.
Subjects:
Tags: Add Tag
No Tags, Be the first to tag this record!

MARC

LEADER 00000cam a2200000 a 4500
001 1/109023
008 151001s1965####gr | ||| |||| ||gre||
040 |a GR-MyUa  |b gre  |c GR-MyUa  |e AACR2 
041 0 |a gre 
082 7 |a 889.1   |2 (23)  
100 1 |a Δερβίσης, Αθανάσιος Μ. 
245 1 0 |a Νέα παιδικά ποιήματα και τραγούδια :   |b θρησκευτικά - πατριωτικά - κοινωνικά - διαφορά /   |c Αθανασίου Μ. Δερβίση. 
260 |a Πτολεμαϊς :   |b [χ.ό],   |c 1965.  
300 |a 37 σ. ;   |c 25 εκ.  
500 |a Κατάλληλα διά μαθητάς Δημοτικών Σχολείων και σχολικάς εορτάς. 
650 0 |a Children's plays. 
650 0 |a Holidays  |x Songs and music. 
650 0 |a School orations. 
650 0 |a Holidays  |x Exercises, recitations, etc. 
650 0 |a Greek poetry, Modern. 
852 |a INST  |b SAMOS  |c PORFYRIADA  |e 20151001  |h 889.1 ΔΕΡ  |p 005300042881  |q 005300042881  |t NOLOAN  |y 23 
970 |a Σιτζίμη  |b Γιασεμή  |z 01/10/2015